01344cam a2200313 a 45000010008000000030005000080050017000130080041000300100017000710200022000880380012001100400018001220500021001400820014001611000032001752450129002072600055003363000028003914400053004195000064004725000155005365040052006916500038007436500028007817000027008097100070008367100072009067100052009781600316NUST20190930114928.0940420s1994 dcua b f000 0 eng  a 94076364  z03090653:c$20.00 aMSOHAIL aDLCcDLCdDLC00aTE203b.C64 199400a625.82201 aCollins, R. J.q(Robert J.)10aRecycling and use of waste materials and by-products in highway construction /cRobert J. Collins and Stanley K. Ciesielski. aWashington, D.C. :bNational Academy Press,c1994. a84 p. :bill. ;c28 cm. 0aSynthesis of highway practice,x0547-5570 ;v199 a"Transportation Research Board, National Research Council." a"Research sponsored by the American Association of State Highway and Transportation Officials in cooperation with the Federal Highway Administration." aIncludes bibliographical references (p. 72-76). 0aWaste products as road materials. 0aRecycling (Waste, etc.)1 aCiesielski, Stanley K.2 aNational Research Council (U.S.).bTransportation Research Board.2 aAmerican Association of State Highway and Transportation Officials.1 aUnited States.bFederal Highway Administration.